| 000 | 00456nam a22001817a 4500 | ||
|---|---|---|---|
| 005 | 20260226161329.0 | ||
| 008 | 260226b |||||||| |||| 00| 0 eng d | ||
| 020 | _a9789364553636 | ||
| 040 | _cILCL | ||
| 041 |
_2eng _aeng |
||
| 084 | _aX:8D R5 | ||
| 100 |
_aRustagi, R P _91116816 |
||
| 245 | _aFundamentals of Financial Management | ||
| 250 | _a20 | ||
| 260 |
_aNew Delhi _bTaxmann Publications _c2025 |
||
| 300 | _aI-24,410p. | ||
| 942 |
_2CC _cTB |
||
| 999 |
_c1680311 _d1680311 |
||